Estadísticas para Tabla de Multiplicar del 2,3,4 y 5

Haz click aquí para intentar la prueba.

Estadísticas generales

  • Esta prueba ha sido intentada 126 veces
  • La puntuación promedio es 47 de 48

Estadísticas de respuestas

% Correcto
2x5 =10
100%
2x6 =12
100%
2x7 =14
100%
2x8 =16
100%
2x9 =18
100%
2x1 =2
100%
2x10 =20
100%
2x11 =22
100%
2x12 =24
100%
3x1 =3
100%
2x2 =4
100%
2x3 =6
100%
3x2 =6
100%
2x4 =8
100%
3x4 =12
99%
3x5 =15
99%
3x6 =18
99%
3x7 =21
99%
3x8 =24
99%
3x3 =9
99%
5x2 =10
98%
4x3 =12
98%
5x3 =15
98%
4x5 =20
98%
5x4 =20
98%
5x5 =25
98%
3x9 =27
98%
3x10 =30
98%
5x6 =30
98%
3x11 =33
98%
5x7 =35
98%
3x12 =36
98%
4x1 =4
98%
5x8 =40
98%
4x10 =40
98%
5x9 =45
98%
5x1 =5
98%
4x2 =8
98%
4x4 =16
97%
4x6 =24
97%
4x7 =28
97%
4x8 =32
97%
4x9 =36
97%
4x11 =44
97%
4x12 =48
97%
5x10 =50
97%
5x11 =55
97%
5x12 =60
97%

Distribución de puntuación

Porcentaje por número respondido

Porcentaje de gente con cada puntuación

Historial de tus puntuaciones

No has intentado esta prueba.